Honduras: movimiento popular. I parte
Gorde:
| Formatua: | Texto |
|---|---|
| Gaiak: | |
| Etiketak: |
Etiketa erantsi
Etiketarik gabe, Izan zaitez lehena erregistro honi etiketa jartzen!
|
MARC
| LEADER | 00000 a a2200000 04500 | ||
|---|---|---|---|
| 001 | 18109 | ||
| 003 | |||
| 040 | |||
| 245 | |a Honduras: |b movimiento popular. I parte | ||
| 650 | |a MOVIMIENTOS SOCIALES | ||
| 650 | |a POLITICA | ||
| 650 | |a SINDICATOS | ||
| 650 | |a HONDURAS | ||
| 773 | |g volumen 7, número 32; (1983) Página. 506 | ||
| 999 | |c 21298 |d 21298 | ||
| 773 | 0 | |0 42391 |9 4165 |a Agencia Latinoamericana de Información, ALAI |d Quito, Ecuador: ALAI |o 03916 |t ALAI: |x 08275564 (Servicio mensual de información y documentación) | |
